Vista normal
Vista MARC
- Bustos Sánchez, Inés
Entrada Nombre de persona
Número de registros utilizados en: 1
001 - NÚMERO DE CONTROL
- campo de control: 2490
003 - IDENTIFICADOR DEL NÚMERO DE CONTROL
- campo de control: ES-MaFIAP
005 - FECHA Y HORA DE LA ÚLTIMA TRANSACCIÓN
- campo de control: 20231227101208.0
008 - DATOS DE LONGITUD FIJA
- campo de control de longitud fija: 231227|| aca||aabn | a|a d
040 ## - FUENTE DE LA CATALOGACIÓN
- Centro catalogador/agencia de origen: ES-MaFIAP
- Centro/agencia transcriptor: ES-MaFIAP
100 ## - ENCABEZAMIENTO-NOMBRE DE PERSONA
- Nombre de persona: Bustos Sánchez, Inés
670 ## - FUENTE DE DATOS ENCONTRADOS
- Cita de la fuente: Work cat.: (ES-MaFIAP)989: Bustos Sánchez, Inés XX1036942, Discriminación auditiva y logopedia , D.L. 1992





